[Event "Mechanics' Fall TNM; G/2 d5"]
[Site "San Francisco"]
[Date "2017.11.07"]
[Round "3.10"]
[White "Vickers, Keith"]
[Black "Ricard, Bruce"]
[Result "0-1"]
[WhiteElo "2200"]
[BlackElo "1804"]
[Annotator "Ricard,B"]
[PlyCount "68"]
[EventDate "2017.??.??"]

1. d4 d5 2. Bf4 Nf6 3. e3 c5 4. c3 Nc6 5. Nd2 Qb6 6. Qb3 c4 7. Qc2 Nh5 8. Bg5
f6 9. Bh4 g5 10. Be2 Ng7 11. Bg3 Bf5 12. e4 Bg6 13. b3 dxe4 14. Nxc4 Qd8 15.
O-O-O Nf5 16. Ne3 Nxg3 17. hxg3 Rc8 18. Bc4 e5 $5 {Objectively a bad move
according to the computer, but I managed to create a mess over the board.} 19.
dxe5 Qa5 20. exf6 Ba3+ 21. Kb1 Ne5 22. Ne2 Nxc4 23. bxc4 (23. Nxc4 Rxc4 $1 24.
bxc4 e3 {the point of the sacrifice} 25. Qxg6+ $19 {
any other move gives black a huge advantage}) 23... O-O 24. Qb3 $2 Rxf6 {
Not really caring for the pawn, but now Rg6 and Rxf2 are threatened} 25. Rd5
Qa6 (25... Rc5 $1) 26. Rhd1 $6 (26. Rf1) 26... Rxf2 27. R1d2 Bc5 {retreating
ve attacking the now unguarded night on e3, and hoping to finally free the
bishop on g6} (27... Bf7 {is even stronger}) 28. Rxc5 $6 {unnecessary} (28.
Rd8+ Rxd8 29. Rxd8+ Kg7 30. Nd4 $17 {was better}) 28... Rxc5 $19 29. Rd8+ Kg7
30. Rd7+ Rf7 31. Rxf7+ Bxf7 32. Nd4 Bxc4 33. Ndf5+ Kf6 34. Nxc4 Qxc4 0-1

[Event "Mechanics' Summer TNM; G/2 d5"]
[Site "San Francisco"]
[Date "2017.06.06"]
[Round "3.16"]
[White "Vickers, Keith"]
[Black "Stolpe, Samuel"]
[Result "1-0"]
[WhiteElo "2200"]
[BlackElo "1633"]
[PlyCount "107"]
[EventDate "2017.??.??"]

1. d4 d5 2. Bf4 Bf5 3. e3 e6 4. c4 Nf6 5. Qb3 Nc6 6. c5 Qd7 7. Bb5 Be4 8. f3
Bg6 9. Nc3 Be7 10. Nge2 O-O 11. Qa4 a6 12. Bxc6 bxc6 13. h3 Rfb8 14. b3 a5 15.
Rd1 Rb4 16. Qa3 Nh5 17. Bh2 Bh4+ 18. g3 Be7 19. g4 Bh4+ 20. Kf1 Nf6 21. Nf4 Qe7
22. Nxg6 hxg6 23. Kg2 Nh7 24. Qb2 e5 25. Bxe5 f6 26. Bg3 Bxg3 27. Kxg3 f5 28.
Rhe1 fxg4 29. hxg4 Rf8 30. Qh2 Ng5 31. f4 Ne4+ 32. Nxe4 Qxe4 33. Qg2 Qxg2+ 34.
Kxg2 a4 35. bxa4 Rxa4 36. Rd2 Ra3 37. Rb2 Rfa8 38. Ree2 R8a7 39. Kf3 Kf7 40.
Rb8 Rc3 41. Reb2 Rca3 42. Rc8 R3a6 43. Rbb8 Rxa2 44. Rf8+ Ke7 45. Rbe8+ Kd7 46.
Re5 Ra1 47. Rf7+ Kc8 48. Re8+ Kb7 49. Rff8 Rf1+ 50. Ke2 Rh1 51. Rb8+ Ka6 52.
Rb3 Rh2+ 53. Kf3 Ra2 54. Rf7 1-0

[Event "Mechanics' Fall TNM; G/2 d5"]
[Site "San Francisco"]
[Date "2017.10.31"]
[Round "2.6"]
[White "Vickers, Keith"]
[Black "Wonsever, James"]
[Result "1/2-1/2"]
[WhiteElo "2200"]
[BlackElo "1812"]
[PlyCount "114"]
[EventDate "2017.??.??"]

1. d4 d5 2. Nf3 Nf6 3. Bf4 Bf5 4. e3 e6 5. c4 dxc4 6. Bxc4 Bd6 7. Bxd6 cxd6 8.
O-O O-O 9. Nc3 d5 10. Be2 Nc6 11. Nh4 Bg6 12. Nxg6 hxg6 13. Qb3 Rb8 14. Rac1
Qe7 15. a3 a6 16. Na4 Ne4 17. Rc2 Na5 18. Qb6 Nc4 19. Bxc4 dxc4 20. Rxc4 Nd2
21. Rc7 Qg5 22. f4 Qb5 23. Qxb5 axb5 24. Rd1 Nc4 25. Nc5 Nxe3 26. Rc1 Nd5 27.
Nd7 Nxc7 28. Nxf8 Nd5 29. Nd7 Rd8 30. Ne5 Nxf4 31. Rc7 f6 32. Nf3 Ne2+ 33. Kf2
Nxd4 34. Ke3 Nxf3 35. gxf3 g5 36. Rxb7 Rd5 37. Re7 e5 38. Ke4 Rd4+ 39. Kf5 Kh7
40. Rb7 b4 41. Rxb4 g6+ 42. Kxf6 Rxb4 43. axb4 g4 44. fxg4 e4 45. b5 e3 46. b6
e2 47. b7 e1=Q 48. b8=Q Qh4+ 49. Kf7 Qf2+ 50. Ke7 Qe2+ 51. Kd8 Qd1+ 52. Kc8
Qxg4+ 53. Kb7 Qe4+ 54. Kb6 Qb4+ 55. Kc7 Qf4+ 56. Kc8 Qg4+ 57. Kd8 Qd1+ 1/2-1/2

[Event "Mechanics' Winter TNM; G/2"]
[Site "San Francisco"]
[Date "2017.01.17"]
[Round "3.16"]
[White "Viswanath, Ganesh"]
[Black "White, Benjamin M"]
[Result "1-0"]
[WhiteElo "2137"]
[BlackElo "1296"]
[PlyCount "63"]
[EventDate "2017.??.??"]

1. d4 f5 2. Nf3 g6 3. c4 Nf6 4. g3 Bg7 5. Bg2 d5 6. cxd5 Nxd5 7. O-O O-O 8. Qb3
Kh8 9. Nc3 Nf6 10. Ng5 c6 11. Nf7+ Rxf7 12. Qxf7 e6 13. Bg5 Bd7 14. e4 Qe8 15.
Qxe8+ Bxe8 16. d5 exd5 17. exd5 cxd5 18. Bxf6 Bxf6 19. Nxd5 Nd7 20. Rae1 Bf7
21. Nxf6 Nxf6 22. Re7 Bxa2 23. Rxb7 Bd5 24. Bxd5 Nxd5 25. Rd1 Nb6 26. Ra1 Nc4
27. Ra4 Nd2 28. Raxa7 Re8 29. Rxh7+ Kg8 30. Rag7+ Kf8 31. Rh8+ Kxg7 32. Rxe8
1-0

[Event "Mechanics' Summer TNM; G/2 d5"]
[Site "San Francisco"]
[Date "2017.06.06"]
[Round "3.24"]
[White "Waharte, Louka"]
[Black "Boldi, Ethan Vaugh"]
[Result "0-1"]
[WhiteElo "1441"]
[BlackElo "1852"]
[Annotator "Donaldson"]
[PlyCount "48"]
[EventDate "2017.??.??"]

1. e4 e6 2. d4 d5 3. e5 c5 4. c3 Nc6 5. f4 $2 Qb6 6. Nf3 Bd7 7. Be2 Rc8 8. O-O
cxd4 9. cxd4 Nge7 (9... Nh6 $1 10. Nc3 Nxd4 11. Nxd4 (11. Qxd4 $4 Bc5) 11...
Nf5 {wins a pawn cleanly.}) 10. Nc3 Nf5 (10... Nxd4 $4 11. Qxd4) 11. Na4 Qc7
12. b3 Nb4 13. Bd2 {Diagram [#]} (13. Bd3) 13... Nc2 $1 14. Rc1 (14. Rb1 Nfe3)
14... Ba3 15. Nc5 Bxc1 16. Qxc1 Nfxd4 17. Nxd4 Nxd4 18. Bd1 Qxc5 19. Qxc5 Rxc5
20. Be3 Bb5 21. Rf2 O-O 22. Bxd4 Rc1 23. Rd2 Be2 24. Kf2 Bxd1 0-1

[Event "Mechanics' Summer TNM; G/2 d5"]
[Site "San Francisco"]
[Date "2017.05.23"]
[Round "1.16"]
[White "Waharte, Louka"]
[Black "Gaffagan, Steven"]
[Result "0-1"]
[WhiteElo "1441"]
[BlackElo "2080"]
[Annotator "Donaldson"]
[PlyCount "72"]
[EventDate "2017.??.??"]

1. e4 c6 2. d4 d5 3. Nc3 dxe4 4. Nxe4 Bf5 5. Ng3 Bg6 6. Nf3 Nd7 7. Bc4 e6 8.
O-O Ngf6 9. c3 Bd6 10. Qb3 b5 (10... Qc7 11. Bxe6 fxe6 12. Qxe6+ Kd8 13. Nf5
Bxf5 14. Qxf5 Re8) 11. Be2 (11. Bxe6 fxe6 12. Qxe6+ Qe7 13. Re1 Qxe6 14. Rxe6+
Be7 15. Bg5 Kf7) 11... O-O 12. Bg5 h6 13. Bd2 a6 14. Qd1 Qc7 15. Nh4 Bh7 16. f4
$6 c5 17. Rc1 Rad8 18. Qe1 Rfe8 19. f5 e5 20. dxe5 Nxe5 21. Kh1 $2 Nd3 22. Qd1
Bxg3 23. hxg3 Nxc1 24. Qxc1 Qxg3 25. Be1 Qg5 26. Qc2 Ng4 27. Bxg4 Rxe1 $1 28.
Rxe1 Qxh4+ 29. Bh3 Qxe1+ 30. Kh2 Rd1 31. b4 Qe5+ 32. g3 Qe1 33. Bg2 Rd2 34. Qb3
Qe4 35. Kh3 Bxf5+ 36. Kh2 Qxg2# 0-1

[Event "Mechanics' Summer TNM; G/2 d5"]
[Site "San Francisco"]
[Date "2017.06.20"]
[Round "5.44"]
[White "Waharte, Louka"]
[Black "McCarty-Snead, Fianna"]
[Result "1-0"]
[WhiteElo "1441"]
[BlackElo "976"]
[PlyCount "117"]
[EventDate "2017.??.??"]

1. e4 e5 2. f4 exf4 3. Nf3 d5 4. exd5 Qxd5 5. Nc3 Qe6+ 6. Be2 Bc5 7. d4 Bb4 8.
O-O Nf6 9. Bxf4 Bd6 10. Bxd6 Qxd6 11. Qd2 O-O 12. Nb5 Qd7 13. Ne5 Qd8 14. Rf3
a6 15. Nc3 Nc6 16. Nxc6 bxc6 17. Rg3 c5 18. d5 Be6 19. Qg5 g6 20. dxe6 fxe6 21.
Rd1 Qb8 22. Rf1 Nd7 23. Bc4 Rxf1+ 24. Kxf1 Qf8+ 25. Rf3 Qd8 26. Bxe6+ Kh8 27.
Qxd8+ Rxd8 28. Rd3 Rf8+ 29. Rf3 Rxf3+ 30. gxf3 Ne5 31. Ke2 Nc6 32. Bd5 Nd4+ 33.
Kd3 c6 34. Be4 a5 35. Na4 g5 36. Nxc5 h5 37. Kxd4 g4 38. fxg4 hxg4 39. Bf5 Kg7
40. Bxg4 Kf6 41. h4 Kg6 42. h5+ Kh6 43. Ke5 Kg5 44. Kd6 Kh6 45. Kxc6 Kg5 46.
Kb5 a4 47. Kxa4 Kh6 48. b4 Kg5 49. b5 Kh6 50. b6 Kg5 51. b7 Kxg4 52. h6 Kg5 53.
h7 Kg6 54. h8=R Kg7 55. Re8 Kf7 56. b8=Q Kg7 57. Qf4 Kg6 58. Re6+ Kh5 59. Rh6#
1-0

[Event "Mechanics' Summer TNM; G/2 d5"]
[Site "San Francisco"]
[Date "2017.06.27"]
[Round "6.7"]
[White "Walder, Michael S"]
[Black "Anderson, Michael"]
[Result "1/2-1/2"]
[WhiteElo "2141"]
[BlackElo "1905"]
[PlyCount "71"]
[EventDate "2017.??.??"]

1. e4 c5 2. Nf3 e6 3. d4 cxd4 4. Nxd4 a6 5. Bd3 g6 6. O-O Bg7 7. Nb3 d6 8. c4
Nd7 9. Nc3 Ngf6 10. Be2 Qc7 11. Bf4 e5 12. Be3 O-O 13. f3 b6 14. Qd2 Bb7 15.
Rfd1 Ne8 16. Nd5 Bxd5 17. Qxd5 Rb8 18. Rac1 Kh8 19. c5 bxc5 20. Bxa6 Rb6 21.
Bf1 Qa7 22. a3 Nc7 23. Qd3 Ne6 24. Nd2 Nd4 25. Nc4 Rc6 26. b4 Rb8 27. Bxd4 exd4
28. b5 Rc7 29. Qb3 Bf8 30. a4 Nb6 31. Ra1 Nxc4 32. Bxc4 Qa5 33. Bxf7 Rb6 34.
Bc4 Bg7 35. Qd3 Ra7 36. Bb3 {... scrambled} 1/2-1/2

[Event "Mechanics' Summer TNM; G/2 d5"]
[Site "San Francisco"]
[Date "2017.07.18"]
[Round "8.5"]
[White "Walder, Michael S"]
[Black "Argo, Guy"]
[Result "1-0"]
[WhiteElo "2141"]
[BlackElo "1988"]
[Annotator "Donaldson"]
[PlyCount "83"]
[EventDate "2017.??.??"]

1. c4 f5 2. g3 e5 3. Nc3 (3. d4 $1) 3... Nc6 4. Nf3 e4 5. Nh4 d6 6. Bh3 g6 7.
d3 Be7 8. dxe4 (8. e3) 8... Bxh4 9. gxh4 Qxh4 10. Bg2 Nf6 11. Be3 Ng4 12. Bd4
Nxd4 $2 (12... O-O $1) 13. Qxd4 O-O 14. exf5 Rxf5 15. Bd5+ Kf8 16. Bf3 Rxf3 17.
exf3 Ne5 18. O-O-O Qxd4 19. Rxd4 Bf5 20. Rhd1 Nxf3 21. Rf4 Ne5 22. Rdd4 Kg7 23.
Kd2 Rf8 24. b3 g5 25. Rxf5 Rxf5 26. Ke2 Nf3 27. Rd5 Rf4 28. Ke3 Ne5 29. Nd1 Rh4
30. c5 Nf7 31. cxd6 cxd6 32. Ke2 Rxh2 33. Nc3 Rh6 34. Nb5 a6 35. Nd4 Rf6 36.
Nf5+ Kg6 37. Ne7+ Kh5 38. Kf1 Kg4 39. Kg2 h5 $4 {Diagram [#]} 40. Rd3 (40. Rd4+
Rf4 41. f3+ Kh4 42. Ng6#) 40... h4 41. Nd5 Rg6 (41... h3+ $19) 42. Rf3 {
Chances are now equal in what has been an up and down struggle, but White
later went on to win in mutual time pressure.} 1-0

[Event "Mechanics' Fall TNM; G/2 d5"]
[Site "San Francisco"]
[Date "2017.10.24"]
[Round "1.9"]
[White "Walder, Michael S"]
[Black "Casares Jr, Nick"]
[Result "1-0"]
[WhiteElo "2156"]
[BlackElo "1600"]
[PlyCount "77"]
[EventDate "2017.??.??"]

1. c4 e5 2. g3 Nf6 3. Bg2 d5 4. cxd5 Nxd5 5. Nc3 Be6 6. Nf3 Nd7 7. O-O c6 8. d4
f6 9. dxe5 Nxe5 10. Nxd5 cxd5 11. Nd4 Bf7 12. Qb3 Qd7 13. Rd1 Rd8 14. Bd2 Be7
15. Rac1 O-O 16. Bb4 Nc6 17. Nxc6 bxc6 18. Bxe7 Qxe7 19. Qc2 Rd6 20. e3 Rc8 21.
Qc5 Qc7 22. b3 f5 23. Rd4 g5 24. Ra4 Qe7 25. Rxa7 Qe6 26. Ra4 h5 27. Rd4 h4 28.
b4 hxg3 29. hxg3 Qd7 30. b5 Be6 31. b6 f4 32. exf4 Bf5 33. fxg5 Rg6 34. f4 Qe6
35. b7 Qe3+ 36. Kh2 Rb8 37. Rxd5 Qxc5 38. Rdxc5 Bg4 39. Rxc6 1-0

[Event "Mechanics' Spring TNM; G/2"]
[Site "San Francisco"]
[Date "2017.03.14"]
[Round "1.11"]
[White "Walder, Michael S"]
[Black "Chan, John"]
[Result "1-0"]
[WhiteElo "2100"]
[BlackElo "1551"]
[Annotator "Winslow"]
[PlyCount "75"]
[EventDate "2017.??.??"]

1. c4 Nf6 2. g3 c6 3. Bg2 e5 4. Nf3 d6 5. O-O h6 ({Relevant:} 5... Be7 6. Nc3
O-O 7. e4 Bg4 8. d3 Nbd7 9. h3 Bh5 10. Be3 Ne8 11. Qd2 Nc7 12. Nh2 f6 13. d4
Bf7 14. b3 b5 15. cxb5 cxb5 16. Rfd1 b4 17. Na4 a5 18. Rac1 Nb5 19. Nf3 Rb8 20.
dxe5 fxe5 21. Ng5 Bxg5 22. Bxg5 Qe8 23. Be3 Be6 24. Qe2 h6 25. Kh2 Nf6 26. f4
exf4 27. Bxf4 Nd7 28. Rxd6 Nxd6 29. Bxd6 Rc8 30. Rxc8 Qxc8 31. Bxf8 Nxf8 32.
Nb6 Qc7 33. Nd5 Qe5 34. Nf4 Bf7 35. Qa6 {
Radjabov,T (2745)-Topalov,V (2793) Stavanger 2013 1-0}) 6. Nc3 Be6 7. b3 Nbd7
8. Bb2 Be7 9. e3 O-O 10. d3 Qc7 $146 ({Predecessor (2):} 10... Nb6 11. Qe2 Qc7
12. h3 Rad8 13. Rac1 Qd7 14. Kh2 Qe8 15. Ng1 Nfd7 16. f4 f6 17. f5 Bf7 18. Rc2
d5 19. cxd5 Nxd5 20. Nxd5 cxd5 21. Rfc1 Bd6 22. Qd2 Qe7 23. Qa5 e4 24. d4 Ra8
25. Ne2 Nb6 26. Nf4 Bxf4 27. gxf4 Qd7 28. Rc7 Qxf5 29. Rxb7 Nc8 30. Ba3 Re8 31.
Qc7 Qg6 32. Bf1 Be6 33. Be2 a5 34. Rg1 {
1-0 (34) Gago,N-Turcot,J Charlesbourg 2005}) 11. Rc1 Rad8 12. h3 Qb8 13. Nh2 a6
14. f4 exf4 15. exf4 Bf5 16. g4 Bh7 17. Re1 Nc5 (17... Rfe8 18. g5 hxg5 19.
fxg5 Nc5 20. gxf6 Bxf6 21. Bf1 d5 22. Na4 Rxe1 (22... Qg3+ 23. Kh1 Nxd3 24.
Bxd3 Bxd3 25. Bxf6 Rxe1+ 26. Qxe1 Be4+ 27. Qxe4 dxe4 28. Bxd8 b5 {
[%eval 0,0] !?!?! went to =/+ -0.50 after} 29. Nc5) 23. Qxe1 Re8 24. Qf2 Nxd3
25. Bxd3 Bxd3 26. Re1 Bxb2 $11 {Sf8}) 18. f5 (18. Rxe7 Nxd3 19. Qd2 Qa7+ 20.
Kf1 $16) 18... Rfe8 19. d4 Ncd7 20. h4 d5 21. g5 hxg5 (21... Bd6 22. Nf1 Rxe1
23. Qxe1 Nh5) 22. hxg5 Ne4 23. Nxe4 dxe4 $2 (23... Bxf5 $11) 24. Qg4 $18 Bd6
25. Nf1 Bf4 26. Rc2 e3 27. g6 fxg6 28. fxg6 Bxg6 29. Qxg6 Nf8 30. Qg4 Re6 31.
d5 Rg6 32. Qf3 Rh6 33. Nxe3 Bh2+ 34. Kf1 Ng6 35. Nf5 Rh7 36. Rf2 Ne5 37. Bxe5
Bxe5 38. Ne7+ 1-0

[Event "Mechanics' Spring TNM; G/2"]
[Site "San Francisco"]
[Date "2017.04.11"]
[Round "5.9"]
[White "Walder, Michael S"]
[Black "Clemens, Kristian"]
[Result "1-0"]
[WhiteElo "2100"]
[BlackElo "1875"]
[PlyCount "57"]
[EventDate "2017.??.??"]

1. e4 e5 2. Nf3 Nc6 3. Bb5 Nd4 4. Nxd4 exd4 5. O-O g6 6. c3 Bg7 7. e5 c6 8. Bd3
Qb6 9. Na3 d5 10. exd6 Be6 11. Nc4 Qc5 12. b4 Qd5 13. Na5 dxc3 14. dxc3 Bxc3
15. Bf4 Qd4 16. Be3 Qxb4 17. Nb3 Nf6 18. Rc1 Nd5 19. Bc5 Qf4 20. Rxc3 Nxc3 21.
Qa1 Kd7 22. Qxc3 Bd5 23. Bd4 Bxg2 24. Be5 Qg4 25. Nc5+ Ke8 26. Bg3 Rg8 27. d7+
Qxd7 28. Nxd7 Bxf1 29. Nf6+ 1-0

[Event "Mechanics' Fall TNM; G/2 d5"]
[Site "San Francisco"]
[Date "2017.11.28"]
[Round "6.4"]
[White "Walder, Michael S"]
[Black "Diaz, Conrado"]
[Result "0-1"]
[WhiteElo "2156"]
[BlackElo "2299"]
[PlyCount "81"]
[EventDate "2017.??.??"]

1. c4 Nf6 2. g3 c6 3. Nf3 d5 4. Bg2 Bg4 5. Ne5 Be6 6. Qb3 Qc7 7. d3 Nbd7 8.
Nxd7 Qxd7 9. Nc3 dxc4 10. dxc4 g6 11. Bf4 Bg7 12. O-O O-O 13. Rfd1 Qc8 14. Qb4
Re8 15. Rac1 a5 16. Qa4 Bh3 17. Bh1 Ng4 18. f3 Ne5 19. c5 Be6 20. Qc2 Qc7 21.
Na4 h6 22. b3 g5 23. Bd2 Nd7 24. Bc3 Be5 25. e3 Bxc3 26. Qxc3 Rad8 27. Bg2 Nf6
28. e4 Rxd1+ 29. Rxd1 Nd7 30. Bf1 Rf8 31. Qe3 Nf6 32. Be2 Rd8 33. Rd4 Rxd4 34.
Qxd4 Kg7 35. Kf2 Kg8 36. Nb6 Bh3 37. Bc4 Ne8 38. Ke3 Ng7 39. f4 Kf8 40. Qd1
gxf4+ 41. gxf4 {
White is better but went on to lose. Remaining moves unavailable.} 0-1

[Event "Mechanics' Peter Grey TNM; G/2 d5"]
[Site "San Francisco"]
[Date "2017.08.22"]
[Round "3.5"]
[White "Walder, Michael S"]
[Black "Kuczek, Kevin W"]
[Result "1-0"]
[WhiteElo "2147"]
[BlackElo "1826"]
[Annotator "Donaldson"]
[PlyCount "81"]
[EventDate "2017.??.??"]

1. c4 e5 2. g3 Nc6 3. Nc3 f5 4. Nf3 e4 5. Nh4 d6 6. Bh3 g6 7. d4 Bg7 8. e3 Nge7
9. Bf1 O-O 10. Ng2 g5 11. f3 Ng6 12. fxe4 fxe4 13. Nxe4 $4 Qe7 $1 14. Nxg5 Qxg5
15. Nf4 Nxf4 16. gxf4 Qh4+ 17. Kd2 Bg4 18. Qe1 Qh5 19. Be2 Bxe2 20. Qxe2 Qa5+
21. Kd1 Rae8 22. Bd2 Qf5 23. Qg2 Rf6 24. Rc1 Re4 25. Rg1 Rg6 26. Qf2 a5 27. a3
b5 28. Rxg6 hxg6 29. cxb5 Qxb5 30. Qg2 Qd5 31. Qxg6 Re6 32. Qd3 Qf3+ 33. Kc2 a4
(33... d5 34. Kb1) 34. Kb1 Na5 35. Rxc7 Qd1+ 36. Rc1 Qf3 37. Rc8+ Kf7 38. Bc3
Rxe3 39. Rc7+ Kg8 40. Rxg7+ Kxg7 41. d5+ {
White later won in Black's severe time pressure. Remaining moves unavailable.}
1-0

[Event "Mechanics' Fall TNM; G/2 d5"]
[Site "San Francisco"]
[Date "2017.11.07"]
[Round "3.6"]
[White "Walder, Michael S"]
[Black "Marcus, Joel"]
[Result "1-0"]
[WhiteElo "2156"]
[BlackElo "1920"]
[Annotator "Winslow,E"]
[PlyCount "71"]
[EventDate "2017.??.??"]

1. c4 e5 2. g3 Nf6 3. Bg2 Nc6 4. Nc3 Bb4 5. Nd5 O-O 6. Nxb4 Nxb4 7. d3 d5 8. a3
Nc6 9. cxd5 Nxd5 10. Nf3 Re8 (10... a5) (10... Bg4) 11. O-O Qd6 (11... h6) (
11... Nd4 $11 12. Nxd4 exd4 13. Re1 c6 14. Qa4 Nb6 15. Qb4 Bg4) 12. Qc2 Be6 (
12... a5) (12... Bg4) 13. e3 (13. b4 a6 14. Bb2) 13... Rad8 14. Ng5 Bg4 (14...
Nf6 $11 {is the computer choice -- yech} 15. Bxc6 bxc6 16. Nxe6 Rxe6 17. Rd1
Qd5 {Sure the pawns are dreadful, but White has his problems with development
and light squarea around the king as well.} 18. Qe2 Qb3 {Or on the queenside.}
19. a4 Red6 20. Ra3 {Solution?}) 15. Ne4 (15. h3 Bc8 16. b4) (15. Qc4 Be6 16.
Ne4 Qe7 17. Qc2) 15... Qg6 16. b4 Nf6 $6 (16... a5) 17. Nc5 Bc8 18. Rd1 Qh5 19.
Bb2 (19. Nxb7 $4 {(xd1)}) 19... Rd6 20. b5 (20. Rd2) (20. Rac1) (20. h4) 20...
Nd8 21. Ne4 (21. d4) 21... Nxe4 22. dxe4 Rh6 $6 (22... Ne6 23. Rxd6 cxd6 24.
Qd1 (24. Rd1 Ng5 25. Rxd6 Nf3+ 26. Bxf3 Qxf3 27. Qd1 Qxd1+ 28. Rxd1 f6) 24...
Qxd1+ 25. Rxd1 Rd8 26. a4 b6 27. Ba3 Nc5) 23. h4 Ne6 24. Rd5 f6 25. Qd1 Qf7 26.
f4 exf4 27. exf4 c6 28. bxc6 bxc6 29. Rd6 Qb7 30. Qc2 Qb6+ 31. Kh2 Nxf4 32.
Rxc6 Qb8 33. Bc1 Rg6 34. Bxf4 Qa8 35. Rb1 Bb7 36. Qb3+ 1-0

[Event "Mechanics' Winter TNM; G/2"]
[Site "San Francisco"]
[Date "2017.01.10"]
[Round "2.10"]
[White "Walder, Michael S"]
[Black "McKellar, Daniel"]
[Result "1-0"]
[WhiteElo "2075"]
[BlackElo "1770"]
[PlyCount "89"]
[EventDate "2017.??.??"]

1. c4 c5 2. g3 g6 3. Bg2 Bg7 4. Nc3 Nc6 5. e3 e6 6. Nge2 Nge7 7. Nf4 O-O 8. h4
h5 9. g4 hxg4 10. h5 e5 11. Nfd5 Nxd5 12. Nxd5 Qg5 13. hxg6 Qxg6 14. d3 d6 15.
Nc7 Rb8 16. Be4 Bf5 17. Bxf5 Qxf5 18. e4 Qf3 19. Qxf3 gxf3 20. Nd5 f5 21. Bg5
fxe4 22. dxe4 b5 23. O-O-O Nd4 24. Be7 Rfe8 25. Bxd6 Rb7 26. cxb5 Re6 27. Bxc5
Ne2+ 28. Kc2 Rxb5 29. b4 Nd4+ 30. Kd3 Ra6 31. Nc3 Ra3 32. Kc4 Rb7 33. Rd3 Ra6
34. b5 Re6 35. a4 Rf7 36. Nd5 Nc2 37. Rh3 Nd4 38. a5 Rd7 39. Ra3 Rf7 40. Bxd4
exd4 41. Raxf3 Rxf3 42. Rxf3 Rxe4 43. Nf6+ Bxf6 44. Rxf6 Rg4 45. f4 1-0

[Event "Mechanics' Spring TNM; G/2"]
[Site "San Francisco"]
[Date "2017.04.04"]
[Round "4.10"]
[White "Walder, Michael S"]
[Black "Ochoa, Jason"]
[Result "1-0"]
[WhiteElo "2100"]
[BlackElo "1800"]
[PlyCount "95"]
[EventDate "2017.??.??"]

1. e4 c5 2. Nf3 Nc6 3. d4 cxd4 4. Nxd4 d6 5. c4 Nf6 6. Nc3 g6 7. Be2 Bg7 8. Nc2
O-O 9. O-O Bd7 10. Be3 Rc8 11. Rc1 b6 12. f3 Na5 13. b3 Ng4 14. Bd4 e5 15. fxg4
exd4 16. Nxd4 Qg5 17. Nd5 Qe5 18. Nf3 Qe8 19. g5 f5 20. gxf6 Bxf6 21. Nxf6+
Rxf6 22. Qd4 Qe7 23. e5 dxe5 24. Nxe5 Bf5 25. Bf3 Rd6 26. Bd5+ Be6 27. Ng4 Qg7
28. Nf6+ Kh8 29. Qe5 Rcd8 30. Bxe6 Nc6 31. Qe4 Nd4 32. Bd5 Rxf6 33. Rxf6 Qxf6
34. Rf1 Nf5 35. g4 Qd4+ 36. Qxd4+ Nxd4 37. Rf7 a5 38. Rb7 b5 39. Kf2 Re8 40. g5
bxc4 41. bxc4 Rf8+ 42. Ke1 Nc2+ 43. Kd2 Nb4 44. Ra7 Nxd5 45. cxd5 Rf2+ 46. Ke3
Rf5 47. d6 Rf8 48. Re7 1-0

[Event "Mechanics' Summer TNM; G/2 d5"]
[Site "San Francisco"]
[Date "2017.05.30"]
[Round "2.9"]
[White "Walder, Michael S"]
[Black "Rakonitz, David"]
[Result "1-0"]
[WhiteElo "2141"]
[BlackElo "1750"]
[Annotator "Donaldson"]
[PlyCount "83"]
[EventDate "2017.??.??"]

1. e4 e6 2. d4 d5 3. Nc3 Bb4 4. e5 c5 5. a3 Bxc3+ 6. bxc3 Qa5 7. Bd2 Qa4 8. Qg4
Kf8 9. Kd1 b6 10. Ne2 Ba6 11. Nf4 Qd7 12. Bxa6 Nxa6 13. Nh5 g6 14. Nf6 Nxf6 15.
Bh6+ Ke8 16. exf6 Qb5 17. Re1 Kd7 18. Kd2 Rac8 19. Qe2 Qa5 20. a4 Nc7 21. Qe5
cxd4 22. Ke2 Qxc3 23. Kf1 Na6 24. Bf4 Qc7 25. Qg5 Qc3 26. Rad1 h6 27. Qh4 g5
28. Qh5 Rh7 29. Be5 Qc4+ 30. Kg1 Nb8 31. Rxd4 Qxc2 32. Qg4 Kc6 33. Rxd5 Kb7 (
33... exd5 34. Qxc8#) 34. Rd6 Qf5 (34... Nc6) 35. Qd1 Rhh8 36. a5 Qc2 37. Qf3+
Ka6 38. axb6 axb6 39. Ra1+ Kb5 40. Rdd1 Na6 41. Rdb1+ Nb4 42. Bd6 1-0

[Event "Mechanics' Peter Grey TNM; G/2 d5"]
[Site "San Francisco"]
[Date "2017.09.05"]
[Round "5.6"]
[White "Walder, Michael S"]
[Black "Sarafian, Greg"]
[Result "1-0"]
[WhiteElo "2147"]
[BlackElo "1952"]
[Annotator "Donaldson"]
[PlyCount "38"]
[EventDate "2017.??.??"]

1. c4 e5 2. g3 h5 3. Nf3 Nc6 4. Nc3 Nf6 5. Bg2 Be7 6. O-O d6 7. d3 Bg4 8. h3
Be6 9. Rb1 Qd7 10. Ng5 Bf5 11. e4 Bg6 12. h4 Nh7 13. Bh3 Qd8 14. f4 Nf6 15. Nd5
Nxd5 16. cxd5 Nd4 17. f5 Rh6 (17... Bh7 18. Qxh5) 18. fxg6 Rxg6 19. Qxh5 Bf6
1-0

[Event "Mechanics' Winter TNM; G/2"]
[Site "San Francisco"]
[Date "2017.01.31"]
[Round "5.4"]
[White "Walder, Michael S"]
[Black "Stearman, Josiah P"]
[Result "0-1"]
[WhiteElo "2075"]
[BlackElo "2311"]
[PlyCount "60"]
[EventDate "2017.??.??"]

1. c4 Nf6 2. g3 g6 3. Bg2 Bg7 4. Nc3 O-O 5. e4 d6 6. Nge2 e5 7. O-O Be6 8. d3
c6 9. h3 Nfd7 10. Be3 f5 11. exf5 gxf5 12. Qd2 Kh8 13. Rad1 Na6 14. b3 f4 15.
gxf4 Qh4 16. f5 Rxf5 17. Ne4 Qe7 18. d4 Rh5 19. Ng5 Bf6 20. Nxe6 Qxe6 21. dxe5
Bxe5 22. Nf4 Bxf4 23. Bxf4 Rg8 24. Qc3+ Ne5 25. Rfe1 Qf6 26. Be3 Nc5 27. Bd4
Rg6 28. Rxe5 Rxe5 29. Bxe5 Qxe5 30. Qxe5+ dxe5 {
Black later won. Remaining moves unavailable.} 0-1

[Event "Mechanics' Peter Grey TNM; G/2 d5"]
[Site "San Francisco"]
[Date "2017.08.08"]
[Round "1.8"]
[White "Walder, Michael S"]
[Black "Touset, Stephen Ka"]
[Result "1-0"]
[WhiteElo "2147"]
[BlackElo "1535"]
[PlyCount "28"]
[EventDate "2017.??.??"]

1. c4 Nf6 2. g3 c5 3. Bg2 Nc6 4. Nc3 e6 5. Nf3 d5 6. cxd5 exd5 7. d4 c4 8. O-O
Bf5 9. Bg5 Be7 10. Ne5 Ne4 11. Bxe7 Nxe7 12. Nxe4 Bxe4 13. Bxe4 dxe4 14. Qa4+
Nc6 1-0

[Event "Mechanics' Winter TNM; G/2"]
[Site "San Francisco"]
[Date "2017.02.14"]
[Round "7.9"]
[White "Walder, Michael S"]
[Black "Tsodikova, Natalya"]
[Result "0-1"]
[WhiteElo "2075"]
[BlackElo "2210"]
[PlyCount "102"]
[EventDate "2017.??.??"]

1. c4 e5 2. g3 Nc6 3. Nc3 g6 4. Bg2 Bg7 5. d3 d6 6. e4 f5 7. exf5 Bxf5 8. Nge2
Nf6 9. O-O O-O 10. Nd5 Nxd5 11. Bxd5+ Kh8 12. Be3 Ne7 13. Bg2 d5 14. Bc5 c6 15.
cxd5 cxd5 16. Nc3 d4 17. Nd5 $2 (17. Ne4) 17... Nxd5 18. Bxf8 Bxf8 19. Re1 Bg7
20. Qb3 Nb6 21. Bxb7 Rb8 22. Be4 Bxe4 23. Rxe4 Nd5 24. Qc2 Nb4 25. Qe2 Qd6 26.
a3 Nd5 27. Rc1 a5 28. Qg4 $2 Nf6 29. Qh4 Nxe4 30. Qxe4 Qd7 31. Rc5 a4 32. Rxe5
Rc8 33. Re7 Qf5 34. Re8+ Rxe8 35. Qxe8+ Bf8 36. Qd8 Qc5 37. Qe8 Kg7 38. Qd7+
Be7 39. Kg2 Kf6 40. Qxa4 Qd5+ 41. Kf1 g5 42. Qa6+ Bd6 43. Qc4 Qxc4 44. dxc4 d3
45. b4 Be5 46. c5 g4 47. b5 Bd4 48. c6 Ke6 49. a4 Bb6 50. Ke1 Kd5 51. Kd2 Kd4
0-1